000 00971nam a22002417a 4500
999 _c21977
_d21977
003 AR-CdUCM
008 190425b ||||| |||| 00| 0 spa d
040 _aMUNICIPALIDAD PROVINCIAL DEL CUSCO
_cBIBLIOTECA MUNICIPAL DEL CUSCO
082 _aRev.Edu/N°5/1964
110 _aUniversidad Nacional de San Antonio Abad del Cusco
_915942
245 _aRevista Educación /
_cÓrgano de la Facultad de Educación
260 _aCusco.
_bH.G. Rozas,
_c1964.
300 _a312 páginas. :
_c21 cm.
440 _aRevista Educación.
_nNúmero 5, año 1964
_947038
505 _aContenido: Necesidad de una reforma constitucional. -- Sobre la terminología de lo No consciente. -- La educación como proceso social. -- Crónica del Claustro.
650 _aEducacion
_9460
650 _aFilosofía de la Educación
_947037
650 _aPedagogía
_91560
700 _aMiranda Bernal, Julio
_9877
700 _aEscobar Moscoso, Mario
_931091
942 _2ddc
_cPP
945 _avhl